[Event "14.Offene Südharz-Meisterschaft"]
[Site "Schloss Mansfeld"]
[Date "2021.12.17"]
[Round "1.1"]
[White "Hoffmann, Hendrik"]
[Black "Schulemann, Gero"]
[Result "1-0"]
[WhiteElo "2216"]
[BlackElo "1757"]
[PlyCount "67"]
[EventDate "2021.??.??"]

1. e4 c5 2. c3 g6 3. Nf3 Bg7 4. d4 cxd4 5. cxd4 d5 6. e5 Nc6 7. h3 Bf5 8. Qb3
Qb6 9. Qxb6 axb6 10. Bb5 Nh6 11. Nc3 Be4 12. Ng5 Nf5 13. Ngxe4 dxe4 14. d5 Nfd4
15. Be3 Nxb5 16. Nxb5 Ra5 17. a4 Nb4 18. Nc7+ Kd7 19. Bxb6 Nc2+ 20. Ke2 Nxa1
21. Rxa1 Bxe5 22. Bxa5 Bxc7 23. Bxc7 Kxc7 24. Ke3 f5 25. Kd4 Kd6 26. a5 Rc8 27.
a6 bxa6 28. Rxa6+ Kd7 29. Ke5 Rc7 30. Rb6 Kc8 31. b4 Rb7 32. Rxb7 Kxb7 33. g3
h5 34. h4 1-0

[Event "14.Offene Südharz-Meisterschaft"]
[Site "Schloss Mansfeld"]
[Date "2021.12.17"]
[Round "1.2"]
[White "Polzin, Gustav"]
[Black "Schulte, Felix"]
[Result "0-1"]
[WhiteElo "1736"]
[BlackElo "2179"]
[PlyCount "91"]
[EventDate "2021.??.??"]

1. e4 c6 2. d4 d5 3. Nc3 g6 4. Nf3 Bg7 5. Bf4 Nf6 6. e5 Ne4 7. Bd3 Bf5 8. Ne2
f6 9. O-O Nd7 10. Re1 O-O 11. Ng3 fxe5 12. Bxe5 Nxe5 13. dxe5 Nxg3 14. hxg3 Bg4
15. c4 e6 16. Be2 Qb6 17. Qd4 Bxf3 18. Qxb6 axb6 19. Bxf3 dxc4 20. a3 Ra5 21.
Bg4 Rxe5 22. Bxe6+ Rxe6 23. Rxe6 Bxb2 24. Rb1 c3 25. Re2 b5 26. Rexb2 cxb2 27.
Rxb2 Rd8 28. Rb3 Rd1+ 29. Kh2 Kf7 30. g4 Ke6 31. Kg3 Kd5 32. f4 Rf1 33. a4 Kc4
34. Rf3 Rxf3+ 35. Kxf3 bxa4 36. f5 Kd5 37. Kf4 a3 38. Kg5 a2 39. Kh6 a1=Q 40.
Kxh7 gxf5 41. g5 Qh1+ 42. Kg7 Qxg2 43. g6 f4 44. Kf7 f3 45. Ke7 Qg5+ 46. Kd7
0-1

[Event "14.Offene Südharz-Meisterschaft"]
[Site "Schloss Mansfeld"]
[Date "2021.12.17"]
[Round "1.3"]
[White "Gröbel, Aaron"]
[Black "Kageler, Anton Paul"]
[Result "1-0"]
[WhiteElo "2103"]
[BlackElo "1724"]
[PlyCount "67"]
[EventDate "2021.??.??"]

1. e4 c5 2. d3 g6 3. g3 Bg7 4. Bg2 Nc6 5. Nh3 e6 6. O-O Nge7 7. f4 O-O 8. Nd2
d5 9. Nf2 b5 10. Nf3 Bb7 11. g4 Nd4 12. e5 Qc7 13. h4 f6 14. exf6 Nxf3+ 15.
Qxf3 Bxf6 16. Qh3 Rae8 17. h5 Rf7 18. g5 Bh8 19. Qxe6 Bc6 20. hxg6 Nxg6 21. Qh3
Bd4 22. f5 Nf4 23. Bxf4 Qxf4 24. c3 Bxf2+ 25. Rxf2 Qxg5 26. Kh1 Re3 27. Bf3
Qxf5 28. Rg1+ Kh8 29. Qg3 Re8 30. Kh2 d4 31. Rfg2 Qg6 32. Qxg6 hxg6 33. Bxc6
Re3 34. Rxg6 1-0

[Event "14.Offene Südharz-Meisterschaft"]
[Site "Schloss Mansfeld"]
[Date "2021.12.17"]
[Round "1.4"]
[White "Udelnov, Valentin"]
[Black "Kraus, Sebastian"]
[Result "0-1"]
[WhiteElo "1720"]
[BlackElo "2028"]
[PlyCount "106"]
[EventDate "2021.??.??"]

1. e4 d6 2. d4 Nf6 3. Bd3 Nbd7 4. Nf3 e5 5. dxe5 Nxe5 6. Nxe5 dxe5 7. h3 Bb4+
8. c3 Bc5 9. Qe2 h6 10. Nd2 O-O 11. Nf1 Re8 12. Be3 Qe7 13. g4 Nh7 14. Ng3 Bxe3
15. Qxe3 Be6 16. Rg1 Rad8 17. Rg2 Qg5 18. Qe2 Nf8 19. Nf5 Ng6 20. Rg3 Nf4 21.
Qc2 Bxf5 22. gxf5 Nxd3+ 23. Kf1 Qf4 24. Rxd3 Qxe4 25. Rxd8 Qxc2 26. Rxe8+ Kh7
27. Rxe5 Qd3+ 28. Kg2 f6 29. Re3 Qxf5 30. Rd1 Qg6+ 31. Kh2 Qc2 32. Rf1 Qxb2 33.
Re7 Qxc3 34. Rg1 f5 35. Rg3 Qd4 36. Kg1 f4 37. Rg4 h5 38. Rg5 Kh6 39. h4 Qf6
40. Rxc7 f3 41. Rxb7 Qa1+ 42. Kh2 Qd4 43. Rbxg7 Qxh4+ 44. Kg1 Qxg5+ 45. Rxg5
Kxg5 46. Kh2 Kg4 47. Kh1 a5 48. a4 Kh3 49. Kg1 Kg4 50. Kh1 Kf5 51. Kh2 Ke5 52.
Kh3 Kd4 53. Kg3 Ke4 0-1

[Event "14.Offene Südharz-Meisterschaft"]
[Site "Schloss Mansfeld"]
[Date "2021.12.17"]
[Round "1.5"]
[White "Pikalow, Michael"]
[Black "Mahnke, Ralf"]
[Result "1-0"]
[WhiteElo "1970"]
[BlackElo "1696"]
[PlyCount "81"]
[EventDate "2021.??.??"]

1. e4 e5 2. Nf3 Nc6 3. d4 exd4 4. Nxd4 Bc5 5. Nb3 Bb6 6. Nc3 Qf6 7. Qe2 Nge7 8.
Be3 O-O 9. O-O-O d6 10. Kb1 Bd7 11. f4 Rad8 12. g3 Rfe8 13. Bxb6 axb6 14. Nb5
Rc8 15. e5 Qg6 16. Qf2 Bg4 17. Bd3 Qe6 18. exd6 Bxd1 19. Rxd1 cxd6 20. Nxd6 Nb4
21. Nxe8 Nxd3 22. Rxd3 Rxe8 23. Re3 Qc6 24. Qe1 Kf8 25. Nd4 Qc5 26. Nf3 Rd8 27.
Ne5 f6 28. Nd3 Qc7 29. Qb4 Kf7 30. Qe4 Nd5 31. Re2 Qd7 32. Qxh7 Nb4 33. Qh5+
Kg8 34. Nc1 Qa4 35. Qf3 Kh8 36. Qh5+ Kg8 37. Qf3 Kh8 38. Qb3 Qb5 39. Re4 Qf1
40. Qxb4 Rd1 41. Re8+ 1-0

[Event "14.Offene Südharz-Meisterschaft"]
[Site "Schloss Mansfeld"]
[Date "2021.12.17"]
[Round "1.6"]
[White "Prütting, Lucas"]
[Black "Duzy, Stefan"]
[Result "0-1"]
[WhiteElo "1696"]
[BlackElo "1967"]
[PlyCount "73"]
[EventDate "2021.??.??"]

1. e4 c5 2. Nf3 d6 3. d4 cxd4 4. Nxd4 Nf6 5. Bd3 Nc6 6. Nxc6 bxc6 7. O-O g6 8.
c4 Bg7 9. Nc3 O-O 10. Qe2 Nd7 11. Be3 Ne5 12. Rac1 c5 13. Bb1 Be6 14. b3 Nc6
15. Qd2 Bd4 16. Bxd4 Nxd4 17. Ne2 Nc6 18. Rc3 f6 19. Rg3 Rf7 20. f4 Rg7 21. f5
Bf7 22. Qh6 Ne5 23. Nf4 g5 24. Nd3 Nc6 25. h4 g4 26. Rf4 Qf8 27. Rfxg4 Rxg4 28.
Rxg4+ Kh8 29. Qe3 Bh5 30. Rf4 Qh6 31. Qe1 Nd4 32. Rf2 Rg8 33. Kf1 Bf7 34. Rf4
Bh5 35. Rf2 Rg4 36. Qc1 Rxh4 37. Kg1 0-1

[Event "14.Offene Südharz-Meisterschaft"]
[Site "Schloss Mansfeld"]
[Date "2021.12.17"]
[Round "1.7"]
[White "Herter, Arne"]
[Black "Eckert, David"]
[Result "1-0"]
[WhiteElo "1889"]
[BlackElo "1695"]
[PlyCount "63"]
[EventDate "2021.??.??"]

1. e4 c6 2. c4 d5 3. exd5 cxd5 4. cxd5 Nf6 5. Qa4+ Nbd7 6. Bc4 g6 7. Nc3 Bg7 8.
Nf3 O-O 9. O-O Nb6 10. Qb3 Nxc4 11. Qxc4 a6 12. d3 b5 13. Qc5 Bb7 14. Bg5 Rc8
15. Qa7 Qc7 16. Rac1 Qb8 17. Qxb8 Rxb8 18. Rfe1 Rfe8 19. Ne5 Nxd5 20. Nd7 Rbd8
21. Nc5 Bc8 22. Nxd5 Rxd5 23. Rxe7 Rxe7 24. Bxe7 Bxb2 25. Rc2 Bd4 26. Ne4 Bd7
27. Rc7 f5 28. Ng5 Re5 29. Bb4 Rd5 30. Rb7 Bf6 31. Rb8+ Kg7 32. Bf8+ 1-0

[Event "14.Offene Südharz-Meisterschaft"]
[Site "Schloss Mansfeld"]
[Date "2021.12.17"]
[Round "1.8"]
[White "Nönnig, Jakob"]
[Black "Dreke, Frank"]
[Result "0-1"]
[WhiteElo "1690"]
[BlackElo "1854"]
[PlyCount "100"]
[EventDate "2021.??.??"]

1. e4 Nf6 2. e5 Nd5 3. c4 Nb6 4. d4 d6 5. exd6 exd6 6. Nc3 Be7 7. Be2 O-O 8.
Nf3 Bf5 9. b3 Bf6 10. Bb2 c5 11. d5 N8d7 12. O-O Re8 13. Bd3 Bxd3 14. Qxd3 Ne5
15. Nxe5 Bxe5 16. Rab1 Qh4 17. g3 Qg4 18. Nb5 Bxb2 19. Rxb2 Qd7 20. a4 a6 21.
Nc3 Qc7 22. Ne4 Qe7 23. f3 f5 24. Nf2 g6 25. Nh3 Nd7 26. Nf4 Qe3+ 27. Qxe3 Rxe3
28. Ne6 Ne5 29. f4 Nf3+ 30. Kf2 Rc3 31. Kg2 Nd4 32. Nxd4 cxd4 33. Rd1 d3 34.
Rbd2 Rxb3 35. Rxd3 Rb4 36. c5 Rxa4 37. Rb3 dxc5 38. Rxb7 Rd4 39. Rxd4 cxd4 40.
Rb4 Kf8 41. Rxd4 Ke7 42. Kf3 a5 43. Ke3 a4 44. Rd1 a3 45. Ra1 Kd6 46. Kd4 Ra4+
47. Kc3 Kxd5 48. Kb3 Ra7 49. Re1 a2 50. Kb2 a1=Q+ 0-1

[Event "14.Offene Südharz-Meisterschaft"]
[Site "Schloss Mansfeld"]
[Date "2021.12.17"]
[Round "1.9"]
[White "Glock, Benjamin"]
[Black "Löffelholz, Christian"]
[Result "1-0"]
[WhiteElo "1836"]
[BlackElo "1687"]
[PlyCount "73"]
[EventDate "2021.??.??"]

1. d4 Nf6 2. Bg5 d5 3. e3 Bf5 4. Nd2 Nbd7 5. Ngf3 h6 6. Bf4 g5 7. Bg3 Nh5 8. c4
Bg7 9. cxd5 Nxg3 10. hxg3 Nb6 11. e4 Bg4 12. Bb5+ Bd7 13. Bxd7+ Qxd7 14. O-O
O-O-O 15. a4 g4 16. Ne5 Bxe5 17. dxe5 h5 18. a5 Nxd5 19. exd5 Qxd5 20. Nb3 Qc4
21. Nd2 Qd4 22. Nb3 Qc4 23. Rc1 Qe6 24. Qc2 Qxe5 25. a6 h4 26. axb7+ Kb8 27.
Nc5 Rh6 28. Rfd1 Rhd6 29. Na6+ Kxb7 30. Qxc7+ Ka8 31. Rxd6 Qxd6 32. gxh4 f5 33.
Qc4 e5 34. Rc3 g3 35. Rxg3 e4 36. Nc7+ Kb7 37. Rb3+ 1-0

[Event "14.Offene Südharz-Meisterschaft"]
[Site "Schloss Mansfeld"]
[Date "2021.12.17"]
[Round "1.10"]
[White "Derling, Charlotte"]
[Black "Voigt, Anastasia"]
[Result "1/2-1/2"]
[WhiteElo "1670"]
[BlackElo "1811"]
[PlyCount "100"]
[EventDate "2021.??.??"]

1. e4 e5 2. Nf3 Nc6 3. d4 exd4 4. Nxd4 Nf6 5. Nxc6 bxc6 6. e5 Qe7 7. Qe2 Nd5 8.
c4 Ba6 9. b3 g6 10. Bb2 Bg7 11. g3 O-O-O 12. Nd2 Rhe8 13. f4 Kb8 14. O-O-O Nb6
15. Qf2 Bb7 16. Bg2 Qf8 17. Rhe1 Qh8 18. Ne4 d6 19. Ng5 Rd7 20. c5 Nd5 21. Bh3
Rde7 22. e6 Bxb2+ 23. Qxb2 Qxb2+ 24. Kxb2 fxe6 25. Rxe6 Rxe6 26. Bxe6 h6 27.
Bxd5 cxd5 28. Nf3 Re2+ 29. Rd2 Rxd2+ 30. Nxd2 dxc5 31. Nf3 Bc8 32. Ne5 Bf5 33.
g4 Be6 34. h3 h5 35. Nxg6 hxg4 36. hxg4 Bxg4 37. Ne5 Be6 38. Nc6+ Kc8 39. Nxa7+
Kd7 40. Nb5 c6 41. Nc3 Kd6 42. a4 Bc8 43. Kc2 Ke6 44. a5 Kd6 45. Na4 Ba6 46. f5
Bb5 47. f6 c4 48. Nc5 cxb3+ 49. Kxb3 d4 50. a6 Bxa6 1/2-1/2

[Event "14.Offene Südharz-Meisterschaft"]
[Site "Schloss Mansfeld"]
[Date "2021.12.18"]
[Round "2.1"]
[White "Duzy, Stefan"]
[Black "Hoffmann, Hendrik"]
[Result "0-1"]
[WhiteElo "1967"]
[BlackElo "2216"]
[PlyCount "66"]
[EventDate "2021.??.??"]

1. d4 d5 2. Bf4 c5 3. e3 Nc6 4. c3 Qb6 5. Qb3 c4 6. Qc2 Nf6 7. Nd2 g6 8. Be2
Bf5 9. Qc1 Bg7 10. h3 O-O 11. b3 cxb3 12. axb3 Rfc8 13. g4 Bd7 14. Ngf3 Ne4 15.
Nxe4 dxe4 16. Nd2 e5 17. Nc4 Qd8 18. dxe5 b5 19. Nd6 Nxe5 20. Nxc8 Rxc8 21.
Bxe5 Bxe5 22. c4 Bxa1 23. Qxa1 bxc4 24. Bxc4 a5 25. Qd4 a4 26. Ke2 axb3 27. Rd1
b2 28. Qd5 Qf6 29. Qxe4 Bc6 30. Qf4 Qxf4 31. exf4 Ba4 32. Rb1 Rxc4 33. Rxb2
Rc2+ 0-1

[Event "14.Offene Südharz-Meisterschaft"]
[Site "Schloss Mansfeld"]
[Date "2021.12.18"]
[Round "2.2"]
[White "Schulte, Felix"]
[Black "Herter, Arne"]
[Result "1-0"]
[WhiteElo "2179"]
[BlackElo "1889"]
[PlyCount "51"]
[EventDate "2021.??.??"]

1. d4 Nf6 2. Bg5 Ne4 3. Bf4 d5 4. e3 c5 5. Bd3 Nf6 6. Nd2 Qb6 7. Ngf3 c4 8. Be2
Qxb2 9. O-O Bf5 10. Ne1 Nbd7 11. g4 Bxg4 12. Bxg4 Nxg4 13. Rb1 Qxa2 14. Qxg4 c3
15. Rxb7 Nf6 16. Qe2 cxd2 17. Qb5+ Kd8 18. Rb8+ Rxb8 19. Qxb8+ Kd7 20. Qc7+ Ke6
21. Qc8+ Nd7 22. Qc6+ Kf5 23. Qxd7+ e6 24. Qxf7+ Kg4 25. Qxe6+ Kh5 26. Qf5+ 1-0

[Event "14.Offene Südharz-Meisterschaft"]
[Site "Schloss Mansfeld"]
[Date "2021.12.18"]
[Round "2.3"]
[White "Dreke, Frank"]
[Black "Gröbel, Aaron"]
[Result "1-0"]
[WhiteElo "1854"]
[BlackElo "2103"]
[PlyCount "97"]
[EventDate "2021.??.??"]

1. e4 e5 2. Nf3 Nc6 3. d4 exd4 4. Nxd4 Bc5 5. Be3 Qf6 6. c3 Nge7 7. Nc2 Bxe3 8.
Nxe3 O-O 9. g3 Ne5 10. Bg2 Qb6 11. Qe2 d6 12. O-O f5 13. exf5 Bxf5 14. Nxf5
Nxf5 15. Na3 c6 16. Rae1 Rae8 17. Kh1 Qd8 18. f4 Nd7 19. Qf2 Nc5 20. Qd2 Rf7
21. b4 Ne6 22. Nc4 d5 23. Ne5 Rff8 24. Rd1 Nc7 25. a4 Re6 26. Rfe1 Rh6 27. Kg1
Ne8 28. c4 d4 29. b5 Qc7 30. bxc6 bxc6 31. c5 Kh8 32. Be4 Ne3 33. Rb1 Nf6 34.
Qxd4 Nxe4 35. Qxe3 Nf6 36. Qb3 Qa5 37. Nf7+ Rxf7 38. Qxf7 Qxc5+ 39. Kg2 Qc2+
40. Kf3 Qd3+ 41. Re3 Qd8 42. Rbe1 Ng8 43. Re8 Qd3+ 44. Kg2 Qd2+ 45. R1e2 Qd5+
46. Qxd5 cxd5 47. Rd8 g5 48. Ree8 Rg6 49. f5 1-0

[Event "14.Offene Südharz-Meisterschaft"]
[Site "Schloss Mansfeld"]
[Date "2021.12.18"]
[Round "2.4"]
[White "Kraus, Sebastian"]
[Black "Glock, Benjamin"]
[Result "1-0"]
[WhiteElo "2028"]
[BlackElo "1836"]
[PlyCount "113"]
[EventDate "2021.??.??"]

1. d4 Nf6 2. c4 e6 3. g3 d5 4. Bg2 Be7 5. Nf3 O-O 6. O-O b6 7. Qc2 Bb7 8. Nbd2
Nbd7 9. Rd1 c5 10. cxd5 exd5 11. b3 Rc8 12. Qd3 Ne4 13. Bb2 Ndf6 14. Ne5 Nxd2
15. Rxd2 c4 16. Qc3 a5 17. Rc2 b5 18. bxc4 bxc4 19. Ba3 Bxa3 20. Qxa3 Rb8 21.
Rb1 Qc7 22. Rb5 Ra8 23. Qc5 Qxc5 24. Rxc5 Rfb8 25. Rc7 Ba6 26. h4 Rb7 27. Rc5
Rb1+ 28. Kh2 Rb5 29. Rc7 Rb7 30. Rxb7 Bxb7 31. Nxc4 Rc8 32. Na3 Rxc2 33. Nxc2
Kf8 34. Kg1 Ke7 35. f3 Kd6 36. Kf2 Kc6 37. e3 Kb5 38. Bf1+ Ka4 39. Ke1 Ne8 40.
Kd2 Nd6 41. Bd3 h5 42. Kc3 Bc8 43. e4 Be6 44. Na1 Ka3 45. Nb3 dxe4 46. fxe4 a4
47. Nc5 Bxa2 48. e5 Nc8 49. Bc4 Nb6 50. Bxa2 Kxa2 51. Nxa4 Nxa4+ 52. Kb4 Nb6
53. Kc5 Kb3 54. Kxb6 Kc4 55. Kc6 Kxd4 56. Kd6 Ke4 57. Ke7 1-0

[Event "14.Offene Südharz-Meisterschaft"]
[Site "Schloss Mansfeld"]
[Date "2021.12.18"]
[Round "2.5"]
[White "Schellenberger, Dirk"]
[Black "Pikalow, Michael"]
[Result "0-1"]
[WhiteElo "1789"]
[BlackElo "1970"]
[PlyCount "60"]
[EventDate "2021.??.??"]

1. Nf3 c5 2. c4 b6 3. Nc3 Bb7 4. e4 d6 5. d4 cxd4 6. Nxd4 Nf6 7. f3 e6 8. Bg5
a6 9. Bd3 Nbd7 10. Qa4 Rc8 11. O-O Be7 12. Rac1 O-O 13. Rfd1 Qc7 14. Nce2 Qb8
15. b4 Bd8 16. Be3 Bc7 17. g3 Kh8 18. Nb3 Ne5 19. Ned4 d5 20. cxd5 exd5 21.
Bxa6 dxe4 22. Bxb7 Qxb7 23. Qb5 exf3 24. Nc6 Nxc6 25. Qxc6 Qxc6 26. Rxc6 Bf4
27. Bc5 bxc5 28. Rxc8 Be3+ 29. Kf1 Rxc8 30. bxc5 Ng4 0-1

[Event "14.Offene Südharz-Meisterschaft"]
[Site "Schloss Mansfeld"]
[Date "2021.12.18"]
[Round "2.6"]
[White "Voigt, Anastasia"]
[Black "Neuber, Pascal"]
[Result "1/2-1/2"]
[WhiteElo "1811"]
[BlackElo "1807"]
[PlyCount "82"]
[EventDate "2021.??.??"]

1. e4 c5 2. Nf3 e6 3. d4 cxd4 4. Nxd4 Nf6 5. Nc3 Nc6 6. Ndb5 Bb4 7. a3 Bxc3+ 8.
Nxc3 d5 9. exd5 exd5 10. Bd3 d4 11. Ne2 O-O 12. O-O Bg4 13. h3 Bh5 14. Bf4 Re8
15. Qd2 Qd5 16. Bh2 Ne4 17. Bxe4 Qxe4 18. Ng3 Qd5 19. Nxh5 Qxh5 20. Rfe1 Qa5
21. Qxa5 Nxa5 22. b3 d3 23. b4 d2 24. Rxe8+ Rxe8 25. Kf1 Nc4 26. Bf4 Re4 27. g3
h6 28. Rd1 Nxa3 29. c3 Nc4 30. Bxd2 Kf8 31. Bf4 Ke7 32. Re1 Rxe1+ 33. Kxe1 g5
34. Bb8 a6 35. Ke2 Ke6 36. Kd3 Kd5 37. Bc7 f5 38. f3 h5 39. Bd8 Ne5+ 40. Ke3
Nc4+ 41. Kd3 Ne5+ 1/2-1/2

[Event "14.Offene Südharz-Meisterschaft"]
[Site "Schloss Mansfeld"]
[Date "2021.12.18"]
[Round "2.7"]
[White "Schulemann, Gero"]
[Black "Derling, Charlotte"]
[Result "1-0"]
[WhiteElo "1757"]
[BlackElo "1670"]
[PlyCount "125"]
[EventDate "2021.??.??"]

1. e4 c5 2. Nf3 d6 3. d4 cxd4 4. Nxd4 Nf6 5. Nc3 g6 6. Be3 Bg7 7. f3 Nc6 8. Qd2
O-O 9. O-O-O Bd7 10. g4 a5 11. h4 h5 12. gxh5 Nxh5 13. Be2 a4 14. a3 Qa5 15.
Nd5 Qxd2+ 16. Rxd2 Nf6 17. Nb6 Rad8 18. Nxd7 Nxd7 19. Nxc6 bxc6 20. h5 Rb8 21.
c3 Rb3 22. Rc2 d5 23. exd5 cxd5 24. Bd1 Ne5 25. Rg2 Rb7 26. Bd4 Nd3+ 27. Kb1
Bxd4 28. cxd4 Kg7 29. Bxa4 Rfb8 30. b3 Nf4 31. Rd2 Nxh5 32. Ka2 Rc7 33. Kb2 Nf4
34. Rc1 Ra7 35. Ka2 f6 36. Rc5 Rd8 37. Bc6 e5 38. dxe5 fxe5 39. b4 Kf6 40. b5
d4 41. b6 Ra6 42. b7 Ne6 43. Rc1 Rb8 44. Be4 Rb6 45. Rb2 Rd6 46. Rc8 Rd8 47.
Rxd8 Nxd8 48. a4 d3 49. a5 Nxb7 50. a6 Rd8 51. axb7 d2 52. Bc2 Rb8 53. Bd1 Ke7
54. Kb1 Kd6 55. Kc2 Kc7 56. Kxd2 Rxb7 57. Rxb7+ Kxb7 58. Ke3 Kc6 59. Ke4 Kd6
60. Bb3 Ke7 61. Kxe5 Kf8 62. Kf6 Ke8 63. Kxg6 1-0

[Event "14.Offene Südharz-Meisterschaft"]
[Site "Schloss Mansfeld"]
[Date "2021.12.18"]
[Round "2.8"]
[White "Kaschuba, Jürgen"]
[Black "Polzin, Gustav"]
[Result "0-1"]
[WhiteElo "1581"]
[BlackElo "1736"]
[PlyCount "42"]
[EventDate "2021.??.??"]

1. Nc3 e5 2. Nf3 Nc6 3. e4 Bc5 4. Bb5 Nge7 5. O-O O-O 6. d3 d6 7. Be3 Bb6 8.
Bxc6 Nxc6 9. Bxb6 axb6 10. d4 Bg4 11. Ne2 Bxf3 12. gxf3 Qf6 13. d5 Ne7 14. Ng3
Qf4 15. Kg2 f5 16. Qc1 Qh4 17. Nxf5 Nxf5 18. exf5 Rxf5 19. Rh1 Raf8 20. Qe3 Qh5
21. f4 Rxf4 0-1

[Event "14.Offene Südharz-Meisterschaft"]
[Site "Schloss Mansfeld"]
[Date "2021.12.18"]
[Round "2.10"]
[White "Lehmann, Taylor"]
[Black "Udelnov, Valentin"]
[Result "1/2-1/2"]
[WhiteElo "1486"]
[BlackElo "1720"]
[PlyCount "112"]
[EventDate "2021.??.??"]

1. c4 Nf6 2. Nc3 g6 3. Nf3 Bg7 4. d4 O-O 5. h4 h5 6. e4 d6 7. Be3 e5 8. Qd2 Ng4
9. O-O-O Nxe3 10. fxe3 Bg4 11. Be2 Nc6 12. d5 Ne7 13. Ng5 Bxe2 14. Qxe2 Qd7 15.
g4 Qxg4 16. Qxg4 hxg4 17. Rdg1 f5 18. Ne6 Rf6 19. Nb5 Bh6 20. Rg3 f4 21. Rxg4
fxe3 22. Re1 c6 23. Nxd6 Rf2 24. h5 Kh7 25. hxg6+ Nxg6 26. Nf5 Rf1 27. Rg1 Rxg1
28. Rxg1 Bf4 29. Kd1 cxd5 30. exd5 Nf8 31. Rg7+ Kh8 32. Rxb7 Nxe6 33. dxe6 e4
34. Ke2 Re8 35. e7 Kg8 36. Nxe3 Kf7 37. Nd5 Bg5 38. Rxa7 Rh8 39. e8=Q+ Kxe8 40.
Ra8+ Bd8 41. Nf6+ Kf7 42. Nxe4 Rh2+ 43. Kd3 Bh4 44. b4 Ke6 45. Kd4 Be7 46. b5
Rh4 47. Kd3 Rh3+ 48. Kc2 Rh2+ 49. Kd1 Rh1+ 50. Ke2 Rh2+ 51. Kf3 Rb2 52. Ra6+
Ke5 53. Nc3 Kd4 54. Nd5 Bc5 55. Nb6 Rb4 56. Kf4 Bxb6 1/2-1/2

[Event "14.Offene Südharz-Meisterschaft"]
[Site "Schloss Mansfeld"]
[Date "2021.12.18"]
[Round "3.1"]
[White "Hoffmann, Hendrik"]
[Black "Dreke, Frank"]
[Result "1-0"]
[WhiteElo "2216"]
[BlackElo "1854"]
[PlyCount "97"]
[EventDate "2021.??.??"]

1. e4 Nf6 2. e5 Nd5 3. Nc3 Nb6 4. d4 d6 5. f4 g6 6. Nf3 Bg7 7. Bd3 O-O 8. O-O
dxe5 9. dxe5 Nc6 10. a3 f6 11. exf6 Bxf6 12. Ne4 Bg7 13. Qe1 e5 14. fxe5 Nxe5
15. Nxe5 Bxe5 16. Rxf8+ Qxf8 17. Ng5 Bf6 18. Qg3 Qg7 19. Be4 Bxg5 20. Bxg5 Qd4+
21. Qe3 Qxe3+ 22. Bxe3 c6 23. a4 Be6 24. a5 Nd5 25. Bc5 a6 26. Bf3 Nf6 27. Ra4
Re8 28. Kf2 Bc8 29. Rd4 Kg7 30. Bd6 Bf5 31. Rb4 Bc8 32. h3 h5 33. Bc5 Rd8 34.
Rd4 Rxd4 35. Bxd4 Kf7 36. Ke3 Bf5 37. c4 Ke6 38. Bxf6 Kxf6 39. Kd4 Bc8 40. Kc5
Ke7 41. h4 Be6 42. b4 Kd7 43. b5 cxb5 44. cxb5 Kc7 45. b6+ Kc8 46. Be4 Bd7 47.
Kd6 Bb5 48. Ke6 Ba4 49. Kf7 1-0

[Event "14.Offene Südharz-Meisterschaft"]
[Site "Schloss Mansfeld"]
[Date "2021.12.18"]
[Round "3.2"]
[White "Pikalow, Michael"]
[Black "Schulte, Felix"]
[Result "1/2-1/2"]
[WhiteElo "1970"]
[BlackElo "2179"]
[PlyCount "22"]
[EventDate "2021.??.??"]

1. e4 c5 2. Nc3 e6 3. Nf3 a6 4. d4 cxd4 5. Nxd4 Qc7 6. g3 b5 7. Bg2 Bb7 8. O-O
Nf6 9. Re1 d6 10. a4 bxa4 11. Rxa4 Be7 1/2-1/2

[Event "14.Offene Südharz-Meisterschaft"]
[Site "Schloss Mansfeld"]
[Date "2021.12.18"]
[Round "3.3"]
[White "Seidemann, Erik"]
[Black "Kraus, Sebastian"]
[Result "0-1"]
[WhiteElo "1317"]
[BlackElo "2028"]
[PlyCount "96"]
[EventDate "2021.??.??"]

1. e4 d6 2. d4 Nf6 3. Bd3 Nbd7 4. Nf3 e5 5. d5 Be7 6. O-O O-O 7. c4 Nc5 8. Nc3
Bg4 9. b4 Nxd3 10. Qxd3 a5 11. b5 b6 12. Ne1 Nh5 13. f3 Bd7 14. f4 exf4 15.
Bxf4 Bg5 16. Ne2 Bg4 17. Bxg5 Qxg5 18. Nf3 Qe7 19. Nfd4 Rae8 20. Nc3 Qg5 21.
Nf3 Qh6 22. Qd2 Qxd2 23. Nxd2 Nf6 24. Rae1 Bh5 25. Nf3 Bxf3 26. Rxf3 Nd7 27.
Nb1 Re7 28. Nd2 Rfe8 29. Kf2 h5 30. h3 Ne5 31. Rfe3 h4 32. a4 f6 33. g4 hxg3+
34. Rxg3 Nd7 35. Kg2 Nc5 36. Ra3 f5 37. Kg3 Nxe4+ 38. Nxe4 Rxe4 39. Rxe4 Rxe4
40. Rc3 Kf7 41. Rf3 Kf6 42. Rc3 g5 43. Kf3 Kg6 44. Kg3 Kf6 45. Kf3 Ke5 46. Re3
g4+ 47. hxg4 Rxe3+ 48. Kxe3 fxg4 0-1

[Event "14.Offene Südharz-Meisterschaft"]
[Site "Schloss Mansfeld"]
[Date "2021.12.18"]
[Round "3.4"]
[White "Neuber, Pascal"]
[Black "Voigt, Raphael"]
[Result "1-0"]
[WhiteElo "1807"]
[BlackElo "1236"]
[PlyCount "37"]
[EventDate "2021.??.??"]

1. e4 e5 2. Nc3 Bc5 3. Bc4 Nf6 4. f4 d6 5. Nf3 Nc6 6. d3 Bg4 7. h3 Bxf3 8. Qxf3
Nd4 9. Qd1 Qd7 10. fxe5 dxe5 11. Bg5 Nh5 12. Qxh5 Nxc2+ 13. Kd2 Nxa1 14. Rxa1
Be7 15. Qxf7+ Kd8 16. Bxe7+ Qxe7 17. Rf1 Qg5+ 18. Kd1 Qxg2 19. Be6 1-0

[Event "14.Offene Südharz-Meisterschaft"]
[Site "Schloss Mansfeld"]
[Date "2021.12.18"]
[Round "3.5"]
[White "Lischka, Marten"]
[Black "Lehmann, Taylor"]
[Result "0-1"]
[WhiteElo "1460"]
[BlackElo "1486"]
[PlyCount "108"]
[EventDate "2021.??.??"]

1. e4 c5 2. Nc3 Nc6 3. f4 e6 4. Nf3 b6 5. Bb5 Bb7 6. d3 Nge7 7. O-O a6 8. Bxc6
Bxc6 9. Be3 d5 10. Bf2 Qc7 11. Bg3 O-O-O 12. Ne5 Ng6 13. Nxc6 Qxc6 14. Qf3 f5
15. e5 Ne7 16. Bh4 Rd7 17. a3 d4 18. Qxc6+ Nxc6 19. Ne2 Kb7 20. Rfb1 a5 21. Nc1
h6 22. Na2 Rg8 23. Re1 g5 24. Bg3 Be7 25. Re2 gxf4 26. Bxf4 Bg5 27. Bxg5 hxg5
28. Kf2 a4 29. Rd1 Ne7 30. c3 Rgd8 31. c4 Rh8 32. h3 Ng6 33. Nc1 Rh4 34. Ree1
Rdh7 35. Kg1 g4 36. hxg4 Rxg4 37. Rd2 Nf4 38. Rf1 Rhg7 39. Kh1 Nxg2 40. Rff2
Rh7+ 41. Kg1 Ne3+ 42. Rg2 Nxg2 43. Rxg2 Rhg7 44. Rxg4 Rxg4+ 45. Kf2 Kc6 46. Ne2
b5 47. Ng1 bxc4 48. dxc4 Re4 49. Nf3 d3 50. Kf1 Rxc4 51. Nd2 Rc2 52. Ke1 Rxb2
53. Nc4 Rc2 54. Ne3 Re2+ 0-1

[Event "14.Offene Südharz-Meisterschaft"]
[Site "Schloss Mansfeld"]
[Date "2021.12.18"]
[Round "3.6"]
[White "Gröbel, Aaron"]
[Black "Eger, Nora"]
[Result "1-0"]
[WhiteElo "2103"]
[BlackElo "1230"]
[PlyCount "75"]
[EventDate "2021.??.??"]

1. e4 d6 2. d4 Nf6 3. Nc3 g6 4. f4 e6 5. Nf3 Bg7 6. Be3 Qe7 7. Qd2 c6 8. a4 a5
9. Be2 Nbd7 10. O-O-O Ng4 11. Bg1 d5 12. e5 Nh6 13. h3 Nf5 14. Bf2 b6 15. g4
Nh6 16. Be3 Qf8 17. Rdf1 Nb8 18. Bd3 Na6 19. Rhg1 Nb4 20. Be2 Bd7 21. Rf2 Na6
22. h4 Nc7 23. Rh2 Rb8 24. h5 c5 25. g5 Nf5 26. h6 Bxh6 27. gxh6 cxd4 28. Nxd4
Nxh6 29. Rgh1 Nf5 30. Nxf5 gxf5 31. Rxh7 Rg8 32. Bh5 Rg7 33. Rxg7 Qxg7 34. Qh2
Bc6 35. Rg1 Qf8 36. Bxf7+ Qxf7 37. Qh8+ Kd7 38. Qxb8 1-0

[Event "14.Offene Südharz-Meisterschaft"]
[Site "Schloss Mansfeld"]
[Date "2021.12.18"]
[Round "3.7"]
[White "Nguyen, Jenny Ha-Linh"]
[Black "Duzy, Stefan"]
[Result "0-1"]
[WhiteElo "1597"]
[BlackElo "1967"]
[PlyCount "86"]
[EventDate "2021.??.??"]

1. e4 c5 2. c3 Nf6 3. e5 Nd5 4. d4 cxd4 5. Nf3 Nc6 6. cxd4 d6 7. Bc4 e6 8. O-O
Be7 9. Qe2 Nb6 10. Bb3 dxe5 11. dxe5 Nd4 12. Nxd4 Qxd4 13. Nc3 Bd7 14. Rd1 Qc5
15. Bf4 Bc6 16. Rac1 Qb4 17. Bd2 Qh4 18. Nb5 O-O 19. Be3 Qe4 20. f4 Bxb5 21.
Qxb5 Qxe3+ 22. Kh1 Rac8 23. Qf1 Rxc1 24. Rxc1 g6 25. Rc3 Qd2 26. Rc2 Qd7 27.
Rc1 Rd8 28. Rd1 Qc6 29. Rc1 Qe4 30. Bc2 Qd4 31. Rb1 Nc4 32. Rd1 Ne3 33. Rxd4
Nxf1 34. Re4 Nd2 35. Re1 Nc4 36. b3 Na5 37. Kg1 Rd2 38. Bb1 Nc6 39. h3 Bc5+ 40.
Kh1 Bf2 41. Rc1 Bg3 42. Kg1 Bxf4 43. Re1 Nxe5 0-1